| 000 | nam a22 7a 4500 | ||
|---|---|---|---|
| 999 |
_c332113 _d332113 |
||
| 003 | NUST | ||
| 005 | 20171113133921.0 | ||
| 008 | 171113b xxu||||| |||| 00| 0 eng d | ||
| 020 | _a8176485535 | ||
| 040 | _c0 | ||
| 082 | _a628.162 GOP | ||
| 100 |
_aGopal,Dr.Krishna _96326 |
||
| 245 |
_aFundamentals Of Water and Waste Water _cDr.Krishna Gopal |
||
| 260 |
_aNew Delhi _bA.P.H _c2004 |
||
| 300 | _a154p | ||
| 500 | _aH.B | ||
| 942 |
_2ddc _cBK _kIESE |
||